000 00976pam a22002894a 4500
999 _c568
_d568
001 12083140
003 OSt
005 20200303153325.0
008 000627s1999 enka b 001 0 eng d
010 _a 00364566
_z 00456336
020 _a1853466123
040 _aUKM
_cUKM
_dC#P
_dDLC
042 _apcc
043 _ae-uk---
050 0 0 _aLA632
_b.I58 1999
082 0 0 _a370 INT 1999
_221
100 _aEdited by Grosvenor, Ian; Matheson, David
_913783
245 0 3 _aAn Introduction to the Study of Education
260 _aLondon;
_bD. Fulton Publishers,
_c1999.
300 _avii, 184 p. :
_bill. ;
_c25 cm.
504 _aIncludes bibliographical references and index.
650 0 _aEducation
_91463
650 0 _aStuding
_91464
906 _a7
_bcbc
_corigres
_d2
_encip
_f19
_gy-gencatlg
942 _2ddc
_cSLOAN